ARRUPE JESUIT UNIVERSITY

CORONAVIRUS -STOP THE SPREAD - CLEAN,DISINFECT,COVER

New horizons in theology / (Record no. 121217)

MARC details
000 -LEADER
fixed length control field 02520cam a22003014a 4500
001 - CONTROL NUMBER
control field 13787471
003 - CONTROL NUMBER IDENTIFIER
control field ARRUPE
005 - DATE AND TIME OF LATEST TRANSACTION
control field 20141112110720.0
008 - FIXED-LENGTH DATA ELEMENTS--GENERAL INFORMATION
fixed length control field 041119s2005 nyu b 100 0 eng
010 ## - LIBRARY OF CONGRESS CONTROL NUMBER
LC control number 2004027718
020 ## - INTERNATIONAL STANDARD BOOK NUMBER
International Standard Book Number 1570755973 (pbk.)
040 ## - CATALOGING SOURCE
Original cataloging agency DLC
Transcribing agency DLC
Modifying agency DLC
042 ## - AUTHENTICATION CODE
Authentication code pcc
050 00 - LIBRARY OF CONGRESS CALL NUMBER
Classification number BX1751.3
Item number .C65 2005
082 00 - DEWEY DECIMAL CLASSIFICATION NUMBER
Classification number 230/.2
Edition number 22
300 ## - PHYSICAL DESCRIPTION
Dimensions 21 cm.
110 2# - MAIN ENTRY--CORPORATE NAME
Corporate name or jurisdiction name as entry element College Theology Society.
Subordinate unit Meeting
Number of part/section/meeting (50th :
Date of meeting or treaty signing 2004 :
Location of meeting The Catholic University of America)
9 (RLIN) 12538
245 10 - TITLE STATEMENT
Title New horizons in theology /
Statement of responsibility, etc Terrence W. Tilley, editor.
260 ## - PUBLICATION, DISTRIBUTION, ETC. (IMPRINT)
Place of publication, distribution, etc Maryknoll, N.Y. :
Name of publisher, distributor, etc Orbis Books,
Date of publication, distribution, etc c2005.
300 ## - PHYSICAL DESCRIPTION
Extent xvi, 271 p. ;
504 ## - BIBLIOGRAPHY, ETC. NOTE
Bibliography, etc Includes bibliographical references.
505 0# - FORMATTED CONTENTS NOTE
Formatted contents note Horizons of theology : new voices in a living tradition / Elizabeth A. Johnson -- The future of theology in the church / Joseph A. Komonchak -- New horizons in moral theology / Norbert Rigali -- New horizons for mysticism and politics : how the agenda has shifted / J. Matthew Ashley -- Teshuva and torah : Jewish-Christian partnership as a new horizon for biblical interpretation / Elizabeth T. Groppe -- Science and the soul : keeping the essentials / Michael Horace Barnes -- Catholic, Baptists and the new horizon of tradition in Baptist theology / Steven R. Harmon -- Globalization at large : approaching the ecclesial question of tradition in the twenty-first century / Colleen M. Mallon -- The global horizon of religious pluralism and local dialogue with the religious-other / Anne M. Clifford -- Toward an ecology of salvation / Sally Kenel -- Cohabitation and entry into marriage : two diverse trajectories and the future of Catholic theology / Randall Jay Woodard -- Changing contours of theological education : a retrospective / Sandra Yocum Mize -- Reading the signs of the times : a U.S. Hispanic perspective on the future of theological education / Miguel H. Diaz -- New horizons in theological education / Mary Ann Hinsdale-- Teaching theology for the future / James A. Donahue -- A new direction in teaching global solidarity : partnering with Catholic relief services / Suzanne C. Toton and Ismael Muvingi.
610 20 - SUBJECT ADDED ENTRY--CORPORATE NAME
Corporate name or jurisdiction name as entry element Catholic Church
General subdivision Doctrines
Form subdivision Congresses.
9 (RLIN) 12539
700 1# - ADDED ENTRY--PERSONAL NAME
Personal name Tilley, Terrence W.
9 (RLIN) 12540
856 41 - ELECTRONIC LOCATION AND ACCESS
Materials specified Table of contents
Uniform Resource Identifier <a href="http://www.loc.gov/catdir/toc/ecip054/2004027718.html">http://www.loc.gov/catdir/toc/ecip054/2004027718.html</a>
906 ## - LOCAL DATA ELEMENT F, LDF (RLIN)
a 7
b cbc
c orignew
d 1
e ecip
f 20
g y-gencatlg
942 ## - ADDED ENTRY ELEMENTS (KOHA)
Source of classification or shelving scheme Library of Congress Classification
Koha item type Monograph ( Printed materials)
Holdings
Withdrawn status Lost status Source of classification or shelving scheme Damaged status Not for loan Collection code Home library Current library Shelving location Date acquired Total Checkouts Full call number Barcode Date last seen Price effective from Koha item type
    Library of Congress Classification     Main Collection ARRUPE LIBRARY ARRUPE LIBRARY Main Collection 12/11/2014   BX1751.3 .C39 2004 46500003702 22/11/2017 12/11/2014 Monograph ( Printed materials)

 

Arrupe Library. PO Box MP320 Mt Pleasant, Harare, Zimbabwe
263 242 745411|librarian@aju.ac.zw